LEADER 01341nam a2200277 i 4500 001 000000174024 003 CaOOAMICUS 005 20081015000000.0 008 081015s1972 it u000 u ita u 013 $a151481 040 $aSeMil$bita 100 1 $aBonhoeffer, Dietrich,$d<1906-1945>.$0(OLS)http://semarc/name/690 240 10$aSanctorum Communio.$0(OLS)http://semarc/title/249402 245 10$aSanctorum communio :$buna ricerca dogmatica sulla sociologia della Chiesa /$cDietrich Bonhoeffer ; con una introduzione di Italo Mancini ; [trad. di Bruno Alessandra]. 260 $aBrescia :$bMorcelliana,$c[1972] 260 $aRoma :$bHerder,$c[1972] 300 $aLVIII, 308 p. ;$c22 cm. 650 4$aBonhoeffer, Dietrich <1906-1945> - Ecclesiologia.$0(OLS)http://semarc/subject/19793 700 1 $aAlessandra, Bruno.$0(OLS)http://semarc/name/64998 700 1 $aMancini, Italo,$d<1925-1993>.$0(OLS)http://semarc/name/2474 850 $aSeMil 852 $aSeMil$W1$xVenegono$y1$m2K III 91$j124869$B124869$CSeMilBibl$Z2$F136684 $81 961 $aOmaggio: Altro 996 $6245$aSanctorum communio :$buna ricerca dogmatica sulla sociologia della Chiesa$9(OLS)http://semarc/title/136045 996 $6260$aRoma :$bHerder$9(OLS)http://semarc/publisher/29637 996 $6260$aBrescia :$bMorcelliana$9(OLS)http://semarc/publisher/29629 LEADER 01458nam a2200229 i 4500 001 000000247994 003 CaOOAMICUS 005 20160219000000.0 008 160219s2014 it u000 u ita u 013 $a226899 040 $aSeMil$bita 245 10$a[Celebrazione eucaristica di ringraziamento per la beatificazione di Paolo 6. :$bpresieduta da Sua Eminenza Reverendissima il Signor Cardinale Angelo Scola Arcivescovo Metropolita di Milano. Basilica di San Paolo fuori le mura, Roma, luned́ 20 ottobre 2014 /$cArcivescovile di Milano, Diocesi di Brescia]. 260 $a[S.l. :$bs.n.],$c2014$e(Milano :$fBoniardi,$g2014) 300 $a16 p. :$bnotazione musicale ;$c21 cm. 650 4$aPaolo VI - Beatificazione e Canonizzazione.$0(OLS)http://semarc/subject/5153 710 2 $aDiocesi di Brescia.$0(OLS)http://semarc/name/1799 710 0 $aArcidiocesi di Milano : Curia Arcivescovile.$0(OLS)http://semarc/name/38489 850 $aSeMil 852 $aSeMil$W1$xVenegono$y1$m5D VII 13/51$j198340$B198340$CSeMilBibl$Z2$F209470 $81 961 $aOmaggio: Altro 996 $6245$a[Celebrazione eucaristica di ringraziamento per la beatificazione di Paolo 6. :$bpresieduta da Sua Eminenza Reverendissima il Signor Cardinale Angelo Scola Arcivescovo Metropolita di Milano. Basilica di San Paolo fuori le mura, Roma, luned́ 20 ottobre 2014$9(OLS)http://semarc/title/350081 996 $6260$a[S.l. :$bs.n.]$9(OLS)http://semarc/publisher/29751